Principles of urban transport system planning (Record no. 11919)

MARC details
000 -LEADER
fixed length control field 00242nam a22001097a 4500
082 ## - DEWEY DECIMAL CLASSIFICATION NUMBER
Classification number AUT
100 ## - MAIN ENTRY--AUTHOR NAME
Personal name Autchinson B G
245 ## - TITLE STATEMENT
Title Principles of urban transport system planning
260 ## - PUBLICATION, DISTRIBUTION, ETC. (IMPRINT)
Place of publication London
Name of publisher ICE
Year of publication 1974
300 ## - PHYSICAL DESCRIPTION
Number of Pages 444
942 ## - ADDED ENTRY ELEMENTS (KOHA)
Koha item type Books
Holdings
Withdrawn status Lost status Home library Current library Date acquired Cost, normal purchase price Full call number Accession Number Koha item type
    Central Library, QUEST, Nawabshah Central Library, QUEST, Nawabshah 13/01/2015 452.60 AUT 6009 Books